Fantassie über Fibichs' Poem
| Main Author: | Ritter, Helmut |
|---|---|
| Language: | No linguistic content |
| Published: |
Berlin : Bennefeld, 1956 |
| Physical Description: |
21 hlasů |
| LEADER | 00720ncm a22002172a 4500 | ||
|---|---|---|---|
| 001 | 001208411 | ||
| 003 | CZ BrMZK | ||
| 005 | 20120425085429.0 | ||
| 007 | qu | ||
| 008 | 120425s1956 gw |||||||||||||||||zxx d | ||
| 040 | |a BOA001 |b cze | ||
| 072 | 7 | |a 785 |x Instrumentální hudba. Symfonická hudba. Hudba pro více nástrojů |2 Konspekt |9 9 | |
| 100 | 1 | |a Ritter, Helmut |7 mzk2010585498 |4 cmp | |
| 245 | 1 | 0 | |a Fantassie über Fibichs' Poem |h [hudebnina] / |c Helmut Ritter |
| 260 | |a Berlin : |b Bennefeld, |c 1956 | ||
| 300 | |a 21 hlasů | ||
| 500 | |a Salónní orchestr | ||
| 910 | |a BOA001 |b Mus4-0695.780 | ||
| 990 | |a MU | ||
| 991 | |b 201204 | ||
| 996 | 6 | |b 2619088925 |c Mus4-0695.780 |l MZK |r Sklad / do 1 hodiny |n 0 |w 001242028 |u 000010 |a 1 |e BOA001 |j MZK50 |s P | |
English
Čeština 